[Event "PRO League KO Stage 2020"]
[Site "chess.com INT"]
[Date "2020.03.05"]
[Round "1"]
[White "Savchenko, Boris"]
[Black "Nyzhnyk, Illya"]
[Result "1/2-1/2"]
[WhiteTitle "GM"]
[BlackTitle "GM"]
[WhiteElo "2564"]
[BlackElo "2665"]
[WhiteTeam "Russia Wizards"]
[BlackTeam "Chicago Wind"]
[WhiteFideId "4147332"]
[BlackFideId "14118084"]
[EventDate "2020.03.02"]

1. e4 e5 2. Nf3 Nf6 3. Nc3 Nc6 4. Bb5 Nd4 5. Nxd4 exd4 6. e5 dxc3 7. exf6 Qxf6
8. dxc3 Bc5 9. Qe2+ Qe6 10. Bf4 c6 11. Bd3 d5 12. c4 O-O 13. cxd5 Qxd5 14. O-O
Bf5 15. Bc4 Qe4 16. Qxe4 Bxe4 17. c3 Rad8 18. Rfe1 Bd3 19. Bxd3 Rxd3 20. Rad1
Rxd1 21. Rxd1 Bb6 22. Be3 Bxe3 23. fxe3 f6 24. Kf2 g6 25. e4 Rf7 26. Ke3 Re7 27.
Rd8+ Kf7 28. Kd4 Ke6 29. Ra8 b6 30. b4 Kd6 31. Rd8+ Rd7 32. Rh8 Ke6+ 33. Ke3 Re7
34. g4 Kd6 35. Rf8 Ke5 36. h4 Ke6 37. Kf4 Rf7 38. Rh8 Kd6 39. c4 c5 40. b5 Ke6
41. Re8+ Re7 42. Ra8 Rd7 43. Re8+ Re7 44. Rxe7+ Kxe7 45. e5 Ke6 46. exf6 Kxf6
47. Ke4 Ke6 48. g5 Kd6 49. Kf4 Ke6 50. Ke4 Kd6 51. Kf4 Ke6 52. Ke4 1/2-1/2

[Event "PRO League KO Stage 2020"]
[Site "chess.com INT"]
[Date "2020.03.05"]
[Round "1"]
[White "Cori, Jorge"]
[Black "Ponkratov, Pavel"]
[Result "1-0"]
[WhiteTitle "GM"]
[BlackTitle "GM"]
[WhiteElo "2652"]
[BlackElo "2630"]
[WhiteTeam "Chicago Wind"]
[BlackTeam "Russia Wizards"]
[WhiteFideId "3802272"]
[BlackFideId "4157800"]
[EventDate "2020.03.02"]

1. d4 Nf6 2. c4 d5 3. Nf3 c6 4. e3 Bg4 5. Nc3 e6 6. h3 Bh5 7. Qb3 Qb6 8. Bd2
Bxf3 9. gxf3 Na6 10. f4 Qxb3 11. axb3 Nc7 12. Rg1 a6 13. c5 O-O-O 14. Bd3 g6 15.
Ne2 Be7 16. Ba5 Nd7 17. Kd2 Rde8 18. f3 Kb8 19. Kc2 f6 20. Bd2 e5 21. f5 g5 22.
b4 Bd8 23. Nc3 h5 24. Rae1 Nb5 25. Nxb5 axb5 26. f4 e4 27. Be2 Reg8 28. Ref1 Kc8
29. Be1 h4 30. Bg4 Kc7 31. Rg2 Be7 32. Bf2 gxf4 33. exf4 Nb8 34. Rfg1 Na6 35.
Kb3 Rh7 36. Be2 Rgh8 37. Rg7 Kd7 38. Rxh7 Rxh7 39. Rg8 Bd8 40. Rg4 Nc7 41. Rxh4
Rxh4 42. Bxh4 Ke7 43. Bh5 Kf8 44. Kc2 Kg7 45. Kd1 Na6 46. Be1 Bc7 47. Bd2 Nb8
48. Ke2 Nd7 49. Kf2 Nf8 50. Be8 Kh6 51. Kg3 Kg7 52. Kg4 Kh6 53. Be1 Bd8 54. Bh4
Be7 55. Bg3 Bd8 56. Bf7 Nd7 57. Be6 Nb8 58. Bc8 b6 59. Be1 Bc7 60. Bf2 Bd8 61.
Bh4 Kg7 62. Be1 Kh6 63. h4 Kg7 64. h5 Kh6 65. Bh4 Kg7 66. cxb6 Kh6 67. Be6 Kg7
68. Bg5 Bxb6 69. h6+ Kh7 70. Bxf6 Kxh6 71. Be5 Na6 72. f6 Bd8 73. f5 Nxb4 74.
Bf4+ Kh7 75. Bd6 Bxf6 76. Bxb4 Bxd4 77. b3 Kg7 78. Be7 Bf6 79. Bc5 d4 80. Kf4 d3
81. Bb4 c5 82. Be1 Bh4 83. Bd2 c4 84. bxc4 b4 85. Kxe4 b3 86. Kxd3 Bf6 87. c5 1-0

[Event "PRO League KO Stage 2020"]
[Site "chess.com INT"]
[Date "2020.03.05"]
[Round "1"]
[White "Shimanov, Aleksandr"]
[Black "Nepomniachtchi, Ian"]
[Result "1-0"]
[WhiteTitle "GM"]
[BlackTitle "GM"]
[WhiteElo "2593"]
[BlackElo "2774"]
[WhiteTeam "Chicago Wind"]
[BlackTeam "Russia Wizards"]
[WhiteFideId "4198603"]
[BlackFideId "4168119"]
[EventDate "2020.03.02"]

1. d4 Nf6 2. Bf4 c5 3. dxc5 Na6 4. f3 Nxc5 5. e4 g6 6. Nc3 Bg7 7. Qd2 O-O 8.
O-O-O a6 9. g4 d6 10. h4 h5 11. e5 Nfd7 12. exd6 hxg4 13. h5 Ne5 14. hxg6 Nxg6
15. Qh2 f5 16. dxe7 Qxe7 17. Nd5 Qd8 18. Bd6 Ne6 19. fxg4 fxg4 20. Bxf8 Nexf8
21. Bc4 Be6 22. Ne2 Qg5+ 23. Kb1 Be5 24. Qf2 Kg7 25. Nd4 g3 26. Nxe6+ Nxe6 27.
Qb6 Nd8 28. Nc7 g2 29. Rhg1 Rc8 30. Ne6+ Nxe6 31. Qxe6 Rf8 32. Bd5 Rf2 33. Qd7+
Kh6 34. Qxb7 Nf4 35. Be4 Bg7 36. Qb6+ Qf6 37. Qxf6+ Bxf6 38. Bxg2 Nxg2 39. Rdf1
Rxf1+ 40. Rxf1 Bg5 41. Rf5 Bd8 42. Rd5 Bc7 43. Rc5 Bd8 44. Rc6+ Kg7 45. Rxa6 Kf7
46. b4 Ne3 47. Kb2 Ke7 48. Kb3 Kd7 49. Rh6 Nf5 50. Rh7+ Kc6 51. c3 Bc7 52. a4
Bd6 53. Rf7 Ne7 54. c4 Nc8 55. c5 Bc7 56. Kc4 Kb7 57. b5 Kb8 58. Rh7 Ba5 59. b6
Nxb6+ 60. Kb5 Nxa4 61. Kxa4 Bd2 62. Kb5 Be3 63. Kb6 Kc8 64. Re7 Bg1 65. Re1 Bf2
66. Re2 Bg1 67. Kc6 Kb8 68. Kd6 Bd4 69. c6 1-0

[Event "PRO League KO Stage 2020"]
[Site "chess.com INT"]
[Date "2020.03.05"]
[Round "1"]
[White "Robson, Ray"]
[Black "Savchenko, Boris"]
[Result "1/2-1/2"]
[WhiteTitle "GM"]
[BlackTitle "GM"]
[WhiteElo "2673"]
[BlackElo "2564"]
[WhiteTeam "Chicago Wind"]
[BlackTeam "Russia Wizards"]
[WhiteFideId "2023970"]
[BlackFideId "4147332"]
[EventDate "2020.03.02"]

1. e4 c5 2. Nf3 g6 3. d4 cxd4 4. Nxd4 Nc6 5. c4 Bg7 6. Nc2 Nf6 7. Nc3 Qa5 8. Bd2
O-O 9. Be2 d6 10. O-O Be6 11. Rc1 Rfc8 12. b3 Nd7 13. Nd5 Qd8 14. Be3 a5 15. Nd4
Nxd4 16. Bxd4 Bxd5 17. exd5 Bxd4 18. Qxd4 Qb6 19. Qd2 Qb4 20. Qe3 Re8 21. c5
dxc5 22. a4 Nf6 23. Rxc5 b6 24. Rb5 Qd6 25. Qxb6 Qxb6 26. Rxb6 Nxd5 27. Rb7 Reb8
28. Rd7 e6 29. Bb5 Rc8 30. Rb7 Rc2 31. Bc4 Nf6 32. h3 Rd2 33. Re1 h5 34. Re5 Rb2
35. Bxe6 fxe6 36. Rg5 Kf8 37. Rxg6 Ng8 38. Rxe6 Re8 39. Ra6 h4 40. Rxa5 Re1+ 41.
Kh2 Ne7 42. Rh5 Re4 43. a5 Ra2 44. b4 Ra1 45. Rh8+ Kf7 46. Rh7+ Kf6 47. Rb6+ Kg5
48. Rg7+ Kh5 49. Rh7+ Kg5 50. Rg7+ Kh5 51. Rh7+ Kg5 1/2-1/2

[Event "PRO League KO Stage 2020"]
[Site "chess.com INT"]
[Date "2020.03.05"]
[Round "1"]
[White "Nyzhnyk, Illya"]
[Black "Demidov, Mikhail"]
[Result "1/2-1/2"]
[WhiteTitle "GM"]
[BlackTitle "IM"]
[WhiteElo "2665"]
[BlackElo "2512"]
[WhiteTeam "Chicago Wind"]
[BlackTeam "Russia Wizards"]
[WhiteFideId "14118084"]
[BlackFideId "4197143"]
[EventDate "2020.03.02"]

1. c4 e5 2. Nc3 Nc6 3. Nf3 d6 4. d4 Nf6 5. dxe5 Nxe5 6. Nxe5 dxe5 7. Qxd8+ Kxd8
8. Bg5 c6 9. O-O-O+ Kc7 10. Bxf6 gxf6 11. e3 Be6 12. Ne4 Be7 13. Ng3 f5 14. Bd3
f4 15. exf4 exf4 16. Ne4 Rag8 17. g3 fxg3 18. hxg3 h5 19. Rh2 h4 20. Rdh1 hxg3
21. Rxh8 g2 22. Rg1 Rxh8 23. Rxg2 Rh4 24. Kd2 a6 25. a3 b5 26. cxb5 axb5 27. Rg7
Kb6 28. Rg8 Kc7 29. Re8 Kd7 30. Ra8 Rh2 31. Ra7+ Kd8 32. Ra8+ Kd7 33. Ra7+ Kd8
34. Ra8+ Kd7 1/2-1/2

[Event "PRO League KO Stage 2020"]
[Site "chess.com INT"]
[Date "2020.03.05"]
[Round "1"]
[White "Nepomniachtchi, Ian"]
[Black "Cori, Jorge"]
[Result "1-0"]
[WhiteTitle "GM"]
[BlackTitle "GM"]
[WhiteElo "2774"]
[BlackElo "2652"]
[WhiteTeam "Russia Wizards"]
[BlackTeam "Chicago Wind"]
[WhiteFideId "4168119"]
[BlackFideId "3802272"]
[EventDate "2020.03.02"]

1. c4 e5 2. Nc3 Nc6 3. Nf3 g6 4. d4 exd4 5. Nxd4 Bg7 6. Nxc6 bxc6 7. g3 Ne7 8.
Bg2 Rb8 9. O-O O-O 10. Qa4 a6 11. Rd1 d6 12. Qa3 c5 13. Bd2 Be6 14. b3 Qc8 15.
Rac1 Re8 16. Bf4 h6 17. h4 Nf5 18. e3 Ne7 19. Ne4 Nf5 20. Qa4 Bd7 21. Qa5 Kh8
22. Nc3 Ne7 23. Nd5 Nxd5 24. cxd5 f5 25. Re1 Rb4 26. Rc4 Rxc4 27. bxc4 Qb7 28.
a3 Kh7 29. e4 Qc8 30. Re2 Bd4 31. Qe1 Qd8 32. exf5 gxf5 33. Bh3 Rxe2 34. Qxe2
Qf6 35. Qe1 Bc3 36. Qb1 Bb2 37. Qc2 Bxa3 38. Qb1 Bb4 39. Bc1 Qe5 40. Kh2 Kg6 41.
Bf4 Qe2 42. Be3 Qxc4 43. h5+ Kf6 44. Bxh6 Qxd5 45. Qc1 Kf7 46. Qg5 Qd4 47. Qg6+
Ke7 48. Bg5+ Kf8 49. Bf6 Qxf2+ 50. Bg2 1-0

[Event "PRO League KO Stage 2020"]
[Site "chess.com INT"]
[Date "2020.03.05"]
[Round "1"]
[White "Ponkratov, Pavel"]
[Black "Shimanov, Aleksandr"]
[Result "1-0"]
[WhiteTitle "GM"]
[BlackTitle "GM"]
[WhiteElo "2630"]
[BlackElo "2593"]
[WhiteTeam "Russia Wizards"]
[BlackTeam "Chicago Wind"]
[WhiteFideId "4157800"]
[BlackFideId "4198603"]
[EventDate "2020.03.02"]

1. d4 Nf6 2. c4 g6 3. Nc3 Bg7 4. e4 d6 5. Be2 O-O 6. Be3 Nc6 7. d5 Ne5 8. h3 e6
9. Nf3 Nxf3+ 10. Bxf3 exd5 11. cxd5 Nd7 12. O-O Ne5 13. Be2 f5 14. f4 Nf7 15.
exf5 Bxf5 16. Qd2 Re8 17. Bf3 Re7 18. Bd4 Qf8 19. g4 Bd7 20. Ne4 Nh6 21. Rae1
Rae8 22. Bxg7 Qxg7 23. g5 Nf7 24. Nf6+ Kf8 25. Bg4 Bb5 26. Nxe8 Kxe8 27. Rxe7+
Kxe7 28. Re1+ Kf8 29. Rc1 c5 30. dxc6 Bxc6 31. Qc3 Qxc3 32. Rxc3 d5 33. Kf2 Nd6
34. Rd3 Ke7 35. b3 Ne4+ 36. Ke3 Kd6 37. Kd4 Bb5 38. Re3 a5 39. Bf3 Ng3 40. Re5
Nf5+ 41. Rxf5 gxf5 42. Bxd5 b6 43. Bg8 Be8 44. Bxh7 Ke6 45. Bg8+ 1-0

[Event "PRO League KO Stage 2020"]
[Site "chess.com INT"]
[Date "2020.03.05"]
[Round "1"]
[White "Ponkratov, Pavel"]
[Black "Robson, Ray"]
[Result "0-1"]
[WhiteTitle "GM"]
[BlackTitle "GM"]
[WhiteElo "2630"]
[BlackElo "2673"]
[WhiteTeam "Russia Wizards"]
[BlackTeam "Chicago Wind"]
[WhiteFideId "4157800"]
[BlackFideId "2023970"]
[EventDate "2020.03.02"]

1. c4 c6 2. e4 d5 3. e5 d4 4. f4 Bf5 5. d3 e6 6. Nf3 Bc5 7. Nbd2 a5 8. Qe2 Ne7
9. h3 Na6 10. a3 Bb6 11. g4 Bg6 12. Nh4 Nc5 13. Qf3 h5 14. f5 hxg4 15. hxg4 exf5
16. gxf5 Nxf5 17. Nxf5 Rxh1 18. Nd6+ Qxd6 19. exd6 Nxd3+ 20. Ke2 Bh5 21. Qxh5
Nxc1+ 22. Rxc1 Rxh5 23. Ne4 Re5 24. Kd3 f5 25. Ng5 Kd7 26. Bh3 Bc5 27. Rg1 Bxd6
28. Kxd4 Rae8 29. Kd3 Kc7 30. Rg2 Re3+ 31. Kd2 Bf4 32. Bxf5 Rg3+ 0-1

[Event "PRO League KO Stage 2020"]
[Site "chess.com INT"]
[Date "2020.03.05"]
[Round "1"]
[White "Nepomniachtchi, Ian"]
[Black "Nyzhnyk, Illya"]
[Result "1/2-1/2"]
[WhiteTitle "GM"]
[BlackTitle "GM"]
[WhiteElo "2774"]
[BlackElo "2665"]
[WhiteTeam "Russia Wizards"]
[BlackTeam "Chicago Wind"]
[WhiteFideId "4168119"]
[BlackFideId "14118084"]
[EventDate "2020.03.02"]

1. c4 e6 2. Nc3 d5 3. e3 Nf6 4. Nf3 Be7 5. b3 O-O 6. Bb2 c5 7. cxd5 exd5 8. d4
Nc6 9. Be2 Bg4 10. dxc5 Bxc5 11. O-O Re8 12. Rc1 Bf8 13. h3 Bh5 14. Nb5 Ne4 15.
Nfd4 Bxe2 16. Qxe2 Qb6 17. Rfd1 a6 18. Nc3 Nxd4 19. Rxd4 Qxd4 20. exd4 Nxc3 21.
Qxe8 Rxe8 22. Bxc3 Re2 23. a4 f6 24. Kf1 Ra2 25. Be1 Rb2 26. Rc3 h6 27. g4 Bd6
28. Rd3 Kf7 29. Bd2 b5 30. axb5 axb5 31. h4 g5 32. hxg5 hxg5 33. Ke1 Kg6 34. Rf3
Rb1+ 35. Ke2 Rb2 36. Ke1 Rb1+ 37. Ke2 Rb2 38. Kd1 Be7 39. Kc1 Ba3 40. Kd1 Rb1+
41. Ke2 Rb2 42. Kd1 Rb1+ 43. Ke2 Rb2 44. Ke1 Rb1+ 45. Ke2 1/2-1/2

[Event "PRO League KO Stage 2020"]
[Site "chess.com INT"]
[Date "2020.03.05"]
[Round "1"]
[White "Cori, Jorge"]
[Black "Demidov, Mikhail"]
[Result "0-1"]
[WhiteTitle "GM"]
[BlackTitle "IM"]
[WhiteElo "2652"]
[BlackElo "2512"]
[WhiteTeam "Chicago Wind"]
[BlackTeam "Russia Wizards"]
[WhiteFideId "3802272"]
[BlackFideId "4197143"]
[EventDate "2020.03.02"]

1. d4 e6 2. Nf3 Nf6 3. c4 Bb4+ 4. Bd2 Qe7 5. e3 O-O 6. Bd3 Bxd2+ 7. Qxd2 d6 8.
Nc3 e5 9. dxe5 dxe5 10. Be2 Rd8 11. Qc2 e4 12. Nd2 Bf5 13. O-O Nc6 14. a3 Rd7
15. Rfd1 Rad8 16. Nb3 Ne5 17. Rxd7 Rxd7 18. Re1 c5 19. Rd1 b6 20. Rxd7 Qxd7 21.
Qd2 g6 22. Qxd7 Bxd7 23. Nd2 Bc6 24. h3 Kf8 25. b3 Ke7 26. Bd1 Nd3 27. Bc2 Ke6
28. Bxd3 exd3 29. f3 h5 30. Kf2 h4 31. Nd1 Nd7 32. Nb2 Ne5 33. e4 g5 34. Ke3 f5
35. Nxd3 f4+ 36. Ke2 Nd7 37. Nb1 Nf8 38. Nc3 Kd6 39. Kd2 Ne6 40. b4 Nd4 41.
bxc5+ bxc5 42. e5+ Ke6 43. Ne2 Nf5 44. Nxc5+ Kxe5 45. Nd3+ Kd6 46. c5+ Kd5 47.
Nc3+ Kd4 48. Nb4 Kxc5 49. Nxc6 Kxc6 50. Ne4 Ne3 51. Nxg5 Nxg2 52. Kd3 Kd5 53.
Ne4 Ne1+ 54. Ke2 Nc2 55. Nf2 Nd4+ 56. Kd3 Nxf3 57. Ke2 Ne5 58. a4 a5 59. Kd2 Kd4
60. Ke2 f3+ 61. Kd2 Nc4+ 62. Ke1 Nb2 63. Kd2 Nxa4 64. Nd3 Nc5 65. Ne1 Ne4+ 66.
Kd1 f2 67. Nf3+ Ke3 68. Nh2 Ng3 0-1

[Event "PRO League KO Stage 2020"]
[Site "chess.com INT"]
[Date "2020.03.05"]
[Round "1"]
[White "Shimanov, Aleksandr"]
[Black "Savchenko, Boris"]
[Result "1-0"]
[WhiteTitle "GM"]
[BlackTitle "GM"]
[WhiteElo "2593"]
[BlackElo "2564"]
[WhiteTeam "Chicago Wind"]
[BlackTeam "Russia Wizards"]
[WhiteFideId "4198603"]
[BlackFideId "4147332"]
[EventDate "2020.03.02"]

1. d4 Nf6 2. Bf4 g6 3. Nd2 Bg7 4. c3 d5 5. h3 O-O 6. e3 Nfd7 7. Ngf3 Nc6 8. Bb5
e5 9. Bxc6 exf4 10. Bxd5 Nf6 11. Bb3 fxe3 12. fxe3 Re8 13. O-O Bh6 14. e4 Be3+
15. Kh1 Nh5 16. Qe1 Bf4 17. Kg1 Kg7 18. Ne5 Rxe5 19. dxe5 Qxd2 20. Qxd2 Bxd2 21.
Rxf7+ Kh6 22. e6 Be3+ 23. Kf1 Ng3+ 24. Ke1 Nxe4 25. Rd1 Bxe6 26. Bxe6 Re8 27.
Bd7 Re5 28. Rf8 Nf6 29. Kf1 Kg7 30. Rc8 Ne4 31. Re8 Rxe8 32. Bxe8 Nd6 33. Ke2
Bb6 34. Bd7 h5 35. Be6 Kf6 36. Bd5 Ke5 37. Bf3 h4 38. Rd5+ Kf4 39. a4 Be3 40.
Rd3 Bc1 41. b3 Ke5 42. Rd5+ Ke6 43. a5 b6 44. a6 Bb2 45. Kd3 Bc1 46. Kc2 Be3 47.
Rd1 Bf2 48. Rd2 Bg1 49. Re2+ Kf6 50. Kd3 Bh2 51. b4 Be5 52. c4 c5 53. bxc5 bxc5
54. Re1 Ne8 55. Bb7 Nc7 56. Ke4 Bd4 57. Rf1+ Ke7 58. Kf4 Bf6 59. Re1+ Kd6 60.
Rd1+ Ke7 61. Kg4 Ne6 62. Bc8 Nd4 63. Rb1 Kd8 64. Bb7 Ne6 65. Be4 Nc7 66. Rb8+
Kd7 67. Rb7 Kc8 68. Rxa7 g5 69. Rxc7+ Kxc7 70. a7 1-0

[Event "PRO League KO Stage 2020"]
[Site "chess.com INT"]
[Date "2020.03.05"]
[Round "1"]
[White "Demidov, Mikhail"]
[Black "Shimanov, Aleksandr"]
[Result "0-1"]
[WhiteTitle "IM"]
[BlackTitle "GM"]
[WhiteElo "2512"]
[BlackElo "2593"]
[WhiteTeam "Russia Wizards"]
[BlackTeam "Chicago Wind"]
[WhiteFideId "4197143"]
[BlackFideId "4198603"]
[EventDate "2020.03.02"]

1. d4 d5 2. Nf3 Nf6 3. Bf4 c5 4. dxc5 e6 5. e3 Bxc5 6. Be2 O-O 7. O-O Nc6 8. c4
d4 9. exd4 Nxd4 10. Nc3 Nxe2+ 11. Qxe2 Bd7 12. Rad1 Qc8 0-1

[Event "PRO League KO Stage 2020"]
[Site "chess.com INT"]
[Date "2020.03.09"]
[Round "2"]
[White "Li, Chao b"]
[Black "Korobov, Anton"]
[Result "1-0"]
[WhiteTitle "GM"]
[BlackTitle "GM"]
[WhiteElo "2683"]
[BlackElo "2688"]
[WhiteTeam "China Pandas"]
[BlackTeam "Germany Bears"]
[WhiteFideId "8604436"]
[BlackFideId "14105730"]
[EventDate "2020.03.02"]

1. e4 c5 2. Nf3 d6 3. d4 cxd4 4. Nxd4 Nf6 5. Nc3 a6 6. a4 Nc6 7. Be2 Nxd4 8.
Qxd4 e5 9. Qd3 h6 10. O-O Be7 11. Qg3 g5 12. Rd1 Be6 13. Qd3 Rc8 14. Nd5 Nxd5
15. exd5 Bd7 16. c4 O-O 17. a5 f5 18. Qb3 f4 19. f3 Qc7 20. Bd2 Bf5 21. Be1 e4
22. fxe4 Bxe4 23. Bf2 Bf6 24. Rac1 Qd7 25. c5 dxc5 26. Bxc5 Rfe8 27. Bh5 Re5 28.
d6+ Kg7 29. Qb4 Bxg2 30. Kxg2 g4 31. Qxf4 Rcxc5 32. Rxc5 Rxc5 33. Bxg4 Qc6+ 34.
Bf3 Rc2+ 35. Kh1 Qc5 36. d7 Qxa5 37. d8=Q Bxd8 38. Rd7+ 1-0

[Event "PRO League KO Stage 2020"]
[Site "chess.com INT"]
[Date "2020.03.09"]
[Round "2"]
[White "Braun, Arik"]
[Black "Yu, Yangyi"]
[Result "0-1"]
[WhiteTitle "GM"]
[BlackTitle "GM"]
[WhiteElo "2609"]
[BlackElo "2709"]
[WhiteTeam "Germany Bears"]
[BlackTeam "China Pandas"]
[WhiteFideId "4663527"]
[BlackFideId "8603820"]
[EventDate "2020.03.02"]

1. c4 c6 2. Nf3 d5 3. e3 Nf6 4. Nc3 Nbd7 5. d4 e6 6. Qc2 Bd6 7. b3 O-O 8. Bb2 e5
9. Be2 e4 10. Nd2 Re8 11. c5 Bc7 12. b4 Nf8 13. h3 Ng6 14. O-O-O Bd7 15. Nb3 b5
16. a4 a5 17. bxa5 b4 18. Na2 Bxa5 19. g3 Qb8 20. Qd2 Bc7 21. Qxb4 Qa7 22. a5
Reb8 23. Qc3 Qb7 24. Kc2 Bxa5 25. Nxa5 Rxa5 26. Ra1 Ra4 27. Rhb1 Qc8 28. g4 h6
29. Nc1 Rab4 30. Ba3 Rxb1 31. Rxb1 Rxb1 32. Kxb1 Nh7 33. Nb3 Ng5 34. Bf1 f5 35.
Qa5 fxg4 36. hxg4 Qf8 37. Qc7 Qxf2 38. Ba6 Qxe3 39. Ka2 Nf8 40. Bb7 Nge6 41. Qe5
Qe2+ 42. Bb2 Qb5 43. Qb8 e3 44. Bc3 e2 45. Qa7 Qc4 46. Qa5 Nc7 47. Kb2 Nb5 48.
Be1 Ne6 49. Ba6 Nexd4 50. Nxd4 Qxd4+ 51. Ka2 Qc4+ 52. Kb2 Bxg4 53. Qd8+ Kh7 54.
Qh4 Qd4+ 55. Kb3 Qd3+ 56. Kb4 Qa3# 0-1

[Event "PRO League KO Stage 2020"]
[Site "chess.com INT"]
[Date "2020.03.09"]
[Round "2"]
[White "Mons, Leon"]
[Black "Ding, Liren"]
[Result "1/2-1/2"]
[WhiteTitle "GM"]
[BlackTitle "GM"]
[WhiteElo "2543"]
[BlackElo "2805"]
[WhiteTeam "Germany Bears"]
[BlackTeam "China Pandas"]
[WhiteFideId "4614950"]
[BlackFideId "8603677"]
[EventDate "2020.03.02"]

1. Nf3 Nf6 2. c4 e6 3. g3 d5 4. Bg2 d4 5. O-O c5 6. e3 Nc6 7. exd4 cxd4 8. d3
Bd6 9. Bg5 h6 10. Bxf6 Qxf6 11. Nbd2 Qe7 12. a3 a5 13. Ne4 Bc7 14. b4 axb4 15.
axb4 Rxa1 16. Qxa1 f5 17. Nc5 O-O 18. Nxd4 Nxb4 19. Ncxe6 Bxe6 20. Re1 Bb6 21.
Nxe6 Nxd3 22. Re2 Nxf2 23. Rxf2 Bxf2+ 24. Kxf2 Rf6 25. Bd5 Kh7 26. Qe5 Qb4 27.
h4 Qd2+ 28. Qe2 Qxe2+ 29. Kxe2 b6 30. Ke3 h5 31. Kf4 Kh6 32. Ke5 Rg6 33. Ng5 Rf6
34. Be6 Kg6 35. Bd7 Rf8 36. Ne6 Ra8 37. Nf4+ Kh6 38. Bxf5 Ra3 39. g4 hxg4 40.
Bxg4 g5 41. Nd5 gxh4 42. Nxb6 h3 43. Bxh3 Rxh3 44. c5 Rc3 45. Kd6 Rxc5 46. Kxc5 1/2-1/2

[Event "PRO League KO Stage 2020"]
[Site "chess.com INT"]
[Date "2020.03.09"]
[Round "2"]
[White "Tomczak, Jacek"]
[Black "Li, Chao b"]
[Result "1/2-1/2"]
[WhiteTitle "GM"]
[BlackTitle "GM"]
[WhiteElo "2605"]
[BlackElo "2683"]
[WhiteTeam "Germany Bears"]
[BlackTeam "China Pandas"]
[WhiteFideId "1124668"]
[BlackFideId "8604436"]
[EventDate "2020.03.02"]

1. e4 c5 2. Nf3 d6 3. d4 cxd4 4. Nxd4 Nf6 5. Nc3 Nc6 6. Nde2 g6 7. g3 Bg7 8. Bg2
O-O 9. O-O Rb8 10. Nd5 b5 11. Bg5 Nxd5 12. exd5 Ne5 13. Nd4 Bd7 14. b3 h6 15.
Bc1 g5 16. Bb2 Qb6 17. Qd2 Rbc8 18. Kh1 g4 19. Rae1 Qc5 20. c3 a5 21. Re3 e6 22.
Ne2 Nf3 23. Bxf3 gxf3 24. Nf4 e5 25. Nh5 Bh3 26. Rfe1 Bg2+ 27. Kg1 f5 28. Nxg7
Kxg7 29. c4 Kh7 30. Bxe5 dxe5 31. Rxe5 Rf6 32. Re7+ Kg6 33. R1e6 Rf8 34. g4 Bh3
35. d6 Bxg4 36. d7 f4 37. Rxf6+ Kxf6 38. Re4 Bxd7 39. Qxd7 Qg5+ 40. Kf1 Rf7 41.
Re6+ Kg7 42. Qd4+ Kh7 43. c5 Qf5 44. Re8 Qb1+ 45. Re1 Qf5 46. Qe4 Qxe4 47. Rxe4
Rf5 48. c6 Rc5 49. Ke1 Rxc6 50. Kd2 Rd6+ 51. Kc2 Rg6 52. Rxf4 Rg2 53. Rxf3 Rxh2
54. Kc3 Kg6 55. Kd4 Rh5 56. Rg3+ Kf6 57. Rg8 Rf5 58. Ke4 Rc5 59. Ra8 a4 60. f4
axb3 61. axb3 Rc3 62. Ra6+ Kg7 63. Kf5 Rxb3 64. Ra7+ Kg8 65. Kg6 Rg3+ 66. Kxh6
b4 67. Rb7 b3 68. f5 1/2-1/2

[Event "PRO League KO Stage 2020"]
[Site "chess.com INT"]
[Date "2020.03.09"]
[Round "2"]
[White "Ding, Liren"]
[Black "Braun, Arik"]
[Result "1-0"]
[WhiteTitle "GM"]
[BlackTitle "GM"]
[WhiteElo "2805"]
[BlackElo "2609"]
[WhiteTeam "China Pandas"]
[BlackTeam "Germany Bears"]
[WhiteFideId "8603677"]
[BlackFideId "4663527"]
[EventDate "2020.03.02"]

1. d4 Nf6 2. c4 e6 3. Nf3 b6 4. g3 Bb7 5. Bg2 g6 6. Nc3 Bg7 7. d5 O-O 8. O-O Re8
9. Re1 exd5 10. cxd5 c5 11. e4 d6 12. Bf4 Nh5 13. Bg5 Qd7 14. Qd2 Na6 15. Bh6
Bh8 16. h3 b5 17. g4 Nf6 18. e5 dxe5 19. Nxe5 Rxe5 20. Rxe5 Nxg4 21. Re2 Nxh6
22. Qxh6 Nb4 23. Rae1 Bg7 24. Qd2 Bf8 25. a3 Na6 26. Ne4 Bg7 27. Ng5 Bf8 28. Qf4
Nc7 29. Re7 1-0

[Event "PRO League KO Stage 2020"]
[Site "chess.com INT"]
[Date "2020.03.09"]
[Round "2"]
[White "Yu, Yangyi"]
[Black "Korobov, Anton"]
[Result "1-0"]
[WhiteTitle "GM"]
[BlackTitle "GM"]
[WhiteElo "2709"]
[BlackElo "2688"]
[WhiteTeam "China Pandas"]
[BlackTeam "Germany Bears"]
[WhiteFideId "8603820"]
[BlackFideId "14105730"]
[EventDate "2020.03.02"]

1. d4 d5 2. c4 c6 3. Nf3 Nf6 4. Nc3 e6 5. e3 Nbd7 6. Qc2 Bd6 7. Be2 O-O 8. O-O
dxc4 9. Bxc4 b5 10. Bd3 Bb7 11. a3 h6 12. Rd1 Qc7 13. h3 a5 14. e4 e5 15. dxe5
Nxe5 16. Nxe5 Bxe5 17. Be3 Rfe8 18. Rac1 b4 19. Na4 Bh2+ 20. Kh1 Bf4 21. Bxf4
Qxf4 22. Nc5 Bc8 23. Qd2 Qh4 24. Kg1 Nh5 25. Bf1 Nf4 26. Kh2 Ne6 27. g3 Qf6 28.
Bg2 bxa3 29. bxa3 Rb8 30. Nd3 Nd4 31. Nc5 Nb3 32. Nxb3 Rxb3 33. e5 Qf5 34. f4
Rxa3 35. g4 Qe6 36. Ra1 Qb3 37. Rxa3 Qxa3 38. Bxc6 Rf8 39. Qd6 Qb3 40. Qxf8+ 1-0

[Event "PRO League KO Stage 2020"]
[Site "chess.com INT"]
[Date "2020.03.09"]
[Round "2"]
[White "Ding, Liren"]
[Black "Tomczak, Jacek"]
[Result "1-0"]
[WhiteTitle "GM"]
[BlackTitle "GM"]
[WhiteElo "2805"]
[BlackElo "2605"]
[WhiteTeam "China Pandas"]
[BlackTeam "Germany Bears"]
[WhiteFideId "8603677"]
[BlackFideId "1124668"]
[EventDate "2020.03.02"]

1. d4 Nf6 2. c4 g6 3. Nc3 d5 4. cxd5 Nxd5 5. e4 Nxc3 6. bxc3 Bg7 7. Be3 c5 8.
Nf3 Qa5 9. Qd2 Nc6 10. Rb1 a6 11. Rc1 cxd4 12. cxd4 Qxd2+ 13. Kxd2 e6 14. h4 O-O
15. Bd3 Rd8 16. Rc4 Bd7 17. h5 b5 18. Rcc1 Be8 19. e5 Ra7 20. d5 Rad7 21. Rxc6
Rxd5 22. Rd6 R5xd6 23. exd6 Rxd6 24. h6 Bf6 25. Rc1 Bd7 26. Rc7 b4 27. Ke2 a5
28. Ra7 Bc6 29. Rxa5 Rd8 30. Ra7 Bd5 31. Ng5 Rf8 32. Ne4 Be5 33. f4 Bb2 34. Bc5
Rb8 35. Bd6 Rc8 36. Be5 Bxe5 37. fxe5 Bxe4 38. Bxe4 Kf8 39. Ra8 Rxa8 40. Bxa8 1-0